Normal view
MARC view
Entry Personal Name
001 - CONTROL NUMBER
- control field: 24236
003 - CONTROL NUMBER IDENTIFIER
- control field: dpl
005 - DATE AND TIME OF LATEST TRANSACTION
- control field: 20101111123046.0
008 - FIXED-LENGTH DATA ELEMENTS
- fixed length control field: 101111|||a|||||| | ||| d
040 ## - CATALOGING SOURCE
- Original cataloging agency: dpl
- Transcribing agency: dpl
100 ## - HEADING--PERSONAL NAME
- Personal name: कंदसामी, सा.
670 ## - SOURCE DATA FOUND
- Source citation: Work cat.: (dpl)1476: कंदसामी, सा., जाँच-कमीशन, 2007
670 ## - SOURCE DATA FOUND
- Source citation: Work cat.: (dpl)1476: कंदसामी, सा., जाँच-कमीशन, 2007
